000 00699nam a2200217Ia 4500
005 20241129111415.0
008 241129s9999||||xx |||||||||||||| ||und||
020 _a978-93-89191-07-3
037 _aTB
040 _aCRL
_bhin
_cCRL
041 _ahin
_2hin
084 _aO152,6x Q9
_qCRL
100 _aशुक्ल, प्रयाग, ले.
245 0 _aकला की दुनिया में
_cशुक्ल, प्रयाग, ले.
260 _aदिल्ली, भारत
_bअनन्य प्रकाशन
_c2019
300 _a630पृ0
365 _aINR
_b1200
650 _aHindi Prose
942 _cTB
_hO152,6x Q9
999 _c1230323
_d1230323